| 000 | 00362nam a2200133 i 4500 | ||
|---|---|---|---|
| 001 | bg | ||
| 100 | 1 | _aJANKOWSKI, Aleksander | |
| 245 | 0 |
_aFortran i Algol dla maszyn Odra serii 1300 w układzie porównawczym / _cAleksander Jankowski. |
|
| 260 |
_aGdańsk, _c1979. |
||
| 040 | _cBPK | ||
| 041 | _apol | ||
| 942 | _cKS | ||
| 008 | s pl f |000 0 pol | ||
| 999 |
_c27951 _d27951 |
||
| 856 |
_uhttp://koha.tu.koszalin.pl/cgi-bin/koha/opac-detail.pl?biblionumber=27951 _yKatalog online BPK |
||